[Event "New York op"]
[Site "?"]
[Date "1998.03.20"]
[Round "?"]
[White "Vaisser, Anatoli"]
[Black "Comas Fabrego, Lluis"]
[WhiteElo "2595"]
[BlackElo "2520"]
[Result "0-1"]

1. d4 Nf6 2. c4 d6 3. Nc3 Nbd7 4. e4 e5 5. d5 Nc5 6. f3 a5 7. Be3 c6 8. Nge2 a4 9. Nc1 cxd5 10. cxd5 Qa5 11. Nd3 Nxd3+ 12. Bxd3 Be7 13. O-O O-O 14. Qe1 Bd7 15. a3 Rfc8 16. Qf2 Bd8 17. Rfc1 Be8 18. Bf1 Nd7 19. Nb5 Be7 20. Bd2 Qd8 21. Bb4 Nc5 22. Bxc5 dxc5 23. d6 Bxd6 24. Rd1 Bxb5 25. Bxb5 c4 26. Kh1 Qe7 27. Qd2 c3 28. bxc3 Bxa3 29. Qc2 Bb4 30. Rxa4 Rxa4 31. Qxa4 Bxc3 32. Bc4 Bd4 33. Qb3 g6 34. g3 Rc5 35. Kg2 Qc7 36. Bd3 Rc3 37. Qb5 Kg7 38. h4 h5 39. Rb1 b6 40. Rd1 Rc2+ 41. Kh3 Qc8+ 42. g4 Rf2 43. Be2 hxg4+ 44. fxg4 Qc3+ 45. Bd3 Bc5 

0-1

[Event "Barcelona op rap"]
[Site "?"]
[Date "1996.12.15"]
[Round "?"]
[White "Djuric, Stefan"]
[Black "Comas Fabrego, Lluis"]
[WhiteElo "2560"]
[BlackElo "2460"]
[Result "0-1"]

1. Nf3 Nf6 2. c4 g6 3. Nc3 Bg7 4. g3 O-O 5. Bg2 d6 6. O-O e5 7. d3 Nc6 8. Rb1 Bd7 9. b4 Qc8 10. Bg5 Ne7 11. c5 Bf5 12. Rc1 Qd7 13. Qd2 Rad8 14. Rfd1 Rfe8 15. cxd6 cxd6 16. d4 e4 17. Nh4 d5 18. Nxf5 Nxf5 19. Bh3 h6 20. Bxf6 Bxf6 21. e3 Be7 22. Qb2 h5 23. Qb3 g5 24. a3 g4 25. Bf1 Qe6 26. Ne2 Bd6 27. Rc5 Bxc5 28. Nf4 Qb6 29. dxc5 Qf6 30. Rxd5 Ng7 31. Nxh5 Nxh5 32. Rxh5 Rd2 33. f4 exf3 34. h3 Qa1 35. Qc4 Re4 

0-1

[Event "Capablanca mem Elite"]
[Site "?"]
[Date "1999.05.14"]
[Round "?"]
[White "Hoffman, Alejandro"]
[Black "Comas Fabrego, Lluis"]
[WhiteElo "2547"]
[BlackElo "2541"]
[Result "0-1"]

1. e4 e6 2. d3 d5 3. Qe2 dxe4 4. dxe4 b6 5. Nf3 Ba6 6. c4 Nd7 7. Nc3 Ne7 8. Qc2 Nc6 9. Be2 Be7 10. O-O O-O 11. a3 Bb7 12. b3 Bf6 13. Rd1 Qe7 14. Bb2 Nde5 15. Na4 Nxf3+ 16. Bxf3 Bxb2 17. Qxb2 e5 18. g3 Nd4 19. Bg2 Rad8 20. Nc3 c6 21. b4 Bc8 22. b5 Bg4 23. Re1 Qc5 24. bxc6 Qxc6 25. Qa2 Rc8 26. Nd5 Rfe8 27. h3 Be6 28. Rac1 Qd6 29. Qb2 Rc5 30. Re3 Rec8 31. Rec3 Bxd5 32. exd5 g6 33. Bf1 Qf6 34. a4 e4 35. Kh1 Nf5 36. Qe2 Qd4 37. R3c2 Qe5 38. Rc3 Qd4 39. R3c2 Qe5 40. Rc3 Nd6 41. Qe3 a6 

0-1

[Event "Platja d'Aro Barcino"]
[Site "?"]
[Date "1994.??.??"]
[Round "?"]
[White "Spraggett, Kevin"]
[Black "Comas Fabrego, Lluis"]
[WhiteElo "2530"]
[BlackElo "2500"]
[Result "0-1"]

1. Nf3 e6 2. c4 f5 3. g3 Nf6 4. Bg2 Be7 5. O-O O-O 6. b3 d6 7. d4 Qe8 8. Nc3 a5 9. Bb2 Qh5 10. e3 Na6 11. a3 Bd7 12. Ne1 Qh6 13. Qe2 c6 14. Nd3 e5 15. dxe5 Ng4 16. h3 Nxe5 17. Na4 Nxd3 18. Qxd3 Be6 19. Bc3 Nb8 20. f4 Nd7 21. e4 Rae8 22. h4 fxe4 23. Bxe4 Bh3 24. Rfe1 Bf6 25. Bxf6 Nxf6 26. Bh1 Qh5 27. Bf3 Bg4 28. Kg2 Bxf3+ 29. Qxf3 Qf5 30. Rad1 Qc2+ 31. Kg1 h5 32. Qc3 Qf5 33. Rxe8 Rxe8 34. Re1 Rxe1+ 35. Qxe1 Qc2 36. Qe6+ Kh7 37. Qe3 Ng4 38. Qf3 Kh8 39. Nb6 Qc1+ 40. Kg2 Qd2+ 

0-1

[Event "Aviles op"]
[Site "?"]
[Date "1992.??.??"]
[Round "?"]
[White "Strikovic, Aleksa"]
[Black "Comas Fabrego, Lluis"]
[WhiteElo "2480"]
[BlackElo "2440"]
[Result "0-1"]

1. Nf3 Nf6 2. g3 g6 3. b3 Bg7 4. Bb2 b6 5. Bg2 Bb7 6. O-O O-O 7. c4 c5 8. Nc3 e6 9. d4 d6 10. dxc5 bxc5 11. Qd2 Qe7 12. Rfd1 Rd8 13. e3 Nc6 14. Ng5 Ng4 15. Nge4 d5 16. cxd5 exd5 17. Nxd5 Rxd5 18. Qxd5 Bxb2 19. Rab1 Nce5 20. Qd6 Qxd6 21. Rxd6 Ba3 22. h3 f5 23. Ng5 Bxg2 24. Kxg2 c4 25. Ra6 c3 26. Rxa3 c2 27. Rc1 Nd3 28. Rxc2 Ne1+ 29. Kf1 Nxc2 30. Ra4 Nf6 31. Rc4 Na3 32. Rc6 Nd5 33. Rc5 Nf6 34. Ke2 a5 35. Kd3 h6 36. Nf3 Ne4 37. Rc6 Nxf2+ 38. Ke2 Ne4 39. Rxg6+ Kh7 40. Rc6 Nxg3+ 41. Kd3 Rd8+ 42. Kc3 Nb5+ 43. Kc4 Nd6+ 44. Kd5 Nf7+ 45. Kc4 Re8 46. Rc7 Kg6 47. Nh4+ Kf6 48. Ng2 Re4+ 49. Kd5 Nf1 50. Rc6+ Ke7 51. Rc7+ Ke8 52. Rc3 Kd7 53. Kc5 Ng5 54. h4 Ne6+ 55. Kb6 a4 56. bxa4 Rxa4 57. a3 Kd6 58. Kb5 Rg4 59. Rc2 Nc7+ 

0-1

[Event "8th ESP-chA"]
[Site "?"]
[Date "2003.10.24"]
[Round "?"]
[White "Fernandez Garcia, Jose Luis"]
[Black "Comas Fabrego, Lluis"]
[WhiteElo "2475"]
[BlackElo "2502"]
[Result "0-1"]

1. e4 d6 2. d4 g6 3. Nc3 c6 4. f4 d5 5. e5 h5 6. Nf3 Bg4 7. Be3 Qb6 8. Rb1 e6 9. Bd3 Nh6 10. O-O Nd7 11. h3 Nf5 12. Bf2 Bxf3 13. Qxf3 Nxd4 14. Qd1 c5 15. b4 Qc6 16. bxc5 Bxc5 17. Nb5 Nf5 18. Bxf5 gxf5 19. Bxc5 Nxc5 20. Nd6+ Kf8 21. Qd4 b6 22. c4 dxc4 23. Qxc4 Rh6 24. Rf3 Rg6 25. Kh2 Ke7 26. Rb2 Rag8 27. Rff2 Qa4 28. Qe2 Rh8 29. Rd2 h4 30. Qd1 Kf8 31. Qxa4 Nxa4 32. Nb5 Nc5 33. Nxa7 Kg7 34. Nb5 Ne4 35. Nd6 Nxf2 36. Rxf2 Ra8 37. Rc2 Ra7 38. Nb5 

0-1

[Event "Vendrell op"]
[Site "?"]
[Date "1993.??.??"]
[Round "?"]
[White "Ionescu, Constantin"]
[Black "Comas Fabrego, Lluis"]
[WhiteElo "2475"]
[BlackElo "2430"]
[Result "0-1"]

1. d4 Nf6 2. c4 d6 3. Nc3 Nbd7 4. Nf3 c6 5. g3 g6 6. Bg2 Bg7 7. O-O O-O 8. Qc2 a6 9. Rd1 b5 10. b3 Bb7 11. Bb2 Qb6 12. Rab1 Rfe8 13. e4 c5 14. Nd5 Bxd5 15. exd5 bxc4 16. Qxc4 Qb4 17. dxc5 Qxc4 18. bxc4 Nxc5 19. Nd4 Na4 20. Ba1 Nd7 21. Nc6 Bxa1 22. Rxa1 Kf8 23. Rd2 Nb8 24. Na5 Rc8 25. Rc2 Rc5 26. Nb7 Rc7 27. Rb1 Nd7 28. Na5 Rb8 29. Rb3 Rb6 30. Bf1 Rc5 31. Nc6 e6 32. dxe6 fxe6 33. Nd4 Re5 34. Bh3 Nac5 35. Rxb6 Nxb6 36. Nf3 Re4 37. Ng5 Re1+ 38. Bf1 h6 39. Nf3 Rb1 40. Kg2 Ke7 41. Nd2 Re1 42. Nf3 Ra1 43. h4 Nbd7 44. Nd4 g5 45. hxg5 hxg5 46. Be2 Ne5 47. f3 Kd7 48. Kf2 Nc6 49. Nxc6 Kxc6 50. Ke3 Rg1 51. Kf2 Rb1 52. Ke3 Kd7 53. f4 gxf4+ 54. gxf4 Ke7 55. Bf3 Re1+ 56. Kd2 Ra1 57. Ke3 Kf6 58. Rd2 Ke7 59. Rc2 a5 60. Rh2 a4 61. Rd2 Rc1 62. Kd4 Kf6 63. Bg4 Re1 64. Be2 Kf5 65. Ke3 Ne4 66. Rd3 e5 67. fxe5 dxe5 68. Ra3 Nc5 69. Kd2 Rg1 70. Bd1 e4 71. Bxa4 Rg2+ 72. Ke1 Nd3+ 73. Kf1 Rd2 74. c5 Kf4 75. Bb5 Nxc5 76. Rc3 Ne6 77. Bc6 e3 78. Bb5 Nd4 79. Bc4 Rb2 80. a4 Rh2 

0-1

[Event "22nd Open"]
[Site "?"]
[Date "2004.07.10"]
[Round "?"]
[White "Strikovic, Aleksa"]
[Black "Comas Fabrego, Lluis"]
[WhiteElo "2474"]
[BlackElo "2490"]
[Result "0-1"]

1. Nf3 Nf6 2. c4 g6 3. g3 Bg7 4. Bg2 O-O 5. O-O d6 6. d4 Nbd7 7. Nc3 e5 8. Qc2 Re8 9. Rd1 c6 10. e4 exd4 11. Nxd4 Qe7 12. b3 a6 13. h3 Rb8 14. Bb2 c5 15. Nde2 b5 16. cxb5 axb5 17. Nf4 b4 18. Ncd5 Nxd5 19. Nxd5 Qf8 20. a4 bxa3 21. Rxa3 Bb7 22. Bxg7 Qxg7 23. Nc7 Rec8 24. Na6 Ra8 25. Rxd6 Nb8 26. Nxb8 Rxa3 27. Nd7 Qa1+ 28. Bf1 Ra2 29. Qd3 Qe1 30. Qf3 Ra1 31. Qd3 Kg7 32. Nf6 Rca8 33. e5 Bf3 

0-1

[Event "LXVIII Spanish Championship Scheveningen"]
[Site "?"]
[Date "2003.10.30"]
[Round "?"]
[White "Gomez Esteban, Juan Mario"]
[Black "Comas Fabrego, Lluis"]
[WhiteElo "2465"]
[BlackElo "2502"]
[Result "0-1"]

1. e4 e6 2. d4 d5 3. Nd2 Nf6 4. e5 Nfd7 5. f4 c5 6. c3 Nc6 7. Ndf3 cxd4 8. cxd4 Qb6 9. g3 Bb4+ 10. Kf2 f6 11. Kg2 O-O 12. h4 Rf7 13. Kh2 fxe5 14. dxe5 Be7 15. Ng5 Bxg5 16. hxg5 Ndxe5 17. fxe5 Nxe5 18. Bg2 Qb4 19. Kh3 Ng4 20. Qxg4 e5 21. Qxc8+ Rxc8 22. Bxd5 Qe1 23. Kh4 Rxc1 24. Rxc1 Qxc1 25. Ne2 Qd2 26. Nc3 Kf8 27. Bxf7 Kxf7 28. Rf1+ Kg6 

0-1

[Event "Pardubice op-A"]
[Site "?"]
[Date "2005.07.29"]
[Round "?"]
[White "Meduna, Eduard"]
[Black "Comas Fabrego, Lluis"]
[WhiteElo "2453"]
[BlackElo "2513"]
[Result "0-1"]

1. d4 e6 2. c4 b6 3. e4 Bb7 4. f3 Nh6 5. Bd3 f5 6. Nc3 Bb4 7. Qe2 Nc6 8. Be3 O-O 9. O-O-O f4 10. Bf2 Bxc3 11. bxc3 Ba6 12. g3 Na5 13. gxf4 Qe7 14. Kb2 d5 15. exd5 Rae8 16. Re1 Qd7 17. dxe6 Qa4 18. Nh3 Bxc4 19. Bxc4 Nxc4+ 20. Ka1 Nf5 21. Rhg1 h6 22. Qd3 Rf6 23. d5 c6 24. Bd4 Qb5 25. Rg2 Qxd5 26. Re5 Nxe5 27. fxe5 Nxd4 28. cxd4 Rxf3 29. Qd1 c5 30. Rg4 Rxh3 31. Qf1 Rf3 32. Qg2 Ref8 

0-1

[Event "49th Spanish Championship Honor 2"]
[Site "?"]
[Date "2005.08.31"]
[Round "?"]
[White "Corral Blanco, Juan Antonio"]
[Black "Comas Fabrego, Lluis"]
[WhiteElo "2451"]
[BlackElo "2513"]
[Result "0-1"]

1. d4 Nf6 2. Nf3 g6 3. Bg5 Bg7 4. c3 O-O 5. Nbd2 d5 6. e3 Nbd7 7. Be2 Re8 8. O-O e5 9. b4 c6 10. a4 a5 11. Nb3 axb4 12. cxb4 Qe7 13. dxe5 Nxe5 14. Nxe5 Qxe5 15. Bxf6 Bxf6 16. Nd4 Qd6 17. Rb1 Be5 18. g3 Bh3 19. Re1 Bxd4 20. exd4 Qf6 21. Qd2 Rxa4 22. Bf1 Rxe1 23. Rxe1 Be6 24. h4 h5 25. Re5 Ra1 26. Kg2 Bf5 27. Qh6 Ra8 28. Be2 Be4+ 29. f3 Bf5 30. b5 cxb5 31. Bxb5 Be6 32. Qd2 Kg7 33. Bd3 Ra4 34. Qb2 Qe7 35. Qf2 Qb4 36. Bc2 Ra2 37. Re2 Qc3 38. Rd2 Bf5 39. Qe2 Qxd2 

0-1

[Event "6th Open di Ubeda"]
[Site "?"]
[Date "2001.01.23"]
[Round "?"]
[White "Salmensuu, Olli"]
[Black "Comas Fabrego, Lluis"]
[WhiteElo "2446"]
[BlackElo "2508"]
[Result "0-1"]

1. e4 c5 2. Nf3 e6 3. Nc3 Nc6 4. Bb5 Nge7 5. O-O a6 6. Bxc6 Nxc6 7. d4 cxd4 8. Nxd4 Qc7 9. Nxc6 bxc6 10. Qg4 d6 11. Qg3 h5 12. h4 e5 13. b3 Be6 14. Ba3 Rh6 15. Rfd1 Rg6 16. Qd3 Qd8 17. Bxd6 Qxh4 18. Bxf8 Kxf8 19. Qd6+ Kg8 20. Qxe5 Qh3 21. g3 Bg4 22. Rd3 h4 23. Re1 hxg3 24. fxg3 Rh6 25. Kf2 Rf6+ 26. Ke3 Qg2 27. Kd4 Qxc2 28. Rde3 c5+ 29. Kxc5 Rc8+ 30. Kb4 Qb2 31. Qd4 Rfc6 32. e5 Rc4+ 33. Qxc4 Rxc4+ 34. Kxc4 Qa3 35. Rd3 Be6+ 36. Kd4 g5 37. Ke3 Kg7 38. Re2 Bg4 39. Re1 Qc5+ 40. Kd2 Qf2+ 41. Ne2 a5 42. Re3 Qg2 43. Kc1 Kg6 44. Kb1 Bf5+ 45. Ka1 Qd5 46. Nc3 Qd2 47. Nb1 Qd4+ 48. Nc3 a4 49. bxa4 Bd3 50. Rxd3 Qxd3 51. Nb5 Qxg3 52. Re2 Qd3 53. Re1 Qd2 54. Rb1 g4 55. Rg1 Kg5 56. Kb1 Qb4+ 57. Ka1 Qc5 58. Rd1 Qxe5+ 59. Nd4 f5 60. Kb1 f4 61. Kc2 Qd5 62. Kd3 g3 63. Rf1 Kg4 64. Rf3 g2 

0-1

[Event "Moscow ol"]
[Site "?"]
[Date "1994.??.??"]
[Round "?"]
[White "Hansen, Sune Berg"]
[Black "Comas Fabrego, Lluis"]
[WhiteElo "2440"]
[BlackElo "2500"]
[Result "0-1"]

1. e4 e6 2. d4 d5 3. e5 c5 4. c3 Nc6 5. Nf3 Bd7 6. Be2 Rc8 7. O-O Nge7 8. a3 cxd4 9. cxd4 Nf5 10. b4 h5 11. Be3 Be7 12. Nbd2 g5 13. Nb3 g4 14. Ne1 f6 15. exf6 Bxf6 16. Bd3 Nce7 17. Qd2 b6 18. a4 Kf7 19. Ba6 Rc6 20. Nd3 Ng6 21. Nf4 Ngh4 22. Kh1 Qe7 23. a5 Qd6 24. axb6 axb6 25. Nd3 Ng6 26. Nf4 Rc4 27. Bxc4 dxc4 28. Nc1 Nxf4 29. Bxf4 Qd5 30. f3 Bxd4 31. Ra7 b5 32. Rc7 Rc8 33. fxg4 hxg4 34. Ne2 Rxc7 35. Nxd4 c3 36. Qc1 Rc4 37. Nxf5 exf5 38. Bh6 Qd3 39. Kg1 Kg6 40. Rxf5 Qxf5 

0-1

[Event "Zaragoza op-A"]
[Site "?"]
[Date "1995.??.??"]
[Round "?"]
[White "Alvarez Ibarra, Rafael"]
[Black "Comas Fabrego, Lluis"]
[WhiteElo "2440"]
[BlackElo "2490"]
[Result "0-1"]

1. c4 Nf6 2. Nc3 g6 3. g3 Bg7 4. Bg2 O-O 5. Nf3 d6 6. O-O e5 7. d3 Nc6 8. Rb1 h6 9. b4 a6 10. a4 Be6 11. b5 axb5 12. axb5 Ne7 13. Bb2 Qd7 14. Re1 Bh3 15. Bh1 Ng4 16. Qb3 Kh8 17. Ra1 Rab8 18. Nd5 f5 19. Rec1 c5 20. Nd2 h5 21. Qa4 Nxd5 22. cxd5 Bh6 23. Nc4 f4 24. Bf3 fxg3 25. hxg3 Bxc1 26. Rxc1 Ra8 27. Qc2 Qe7 28. Qd2 Kh7 29. Bxg4 Bxg4 30. f3 Bxf3 31. exf3 Rxf3 32. Qg2 Raf8 33. Nd2 Rf2 34. Qxf2 Rxf2 35. Kxf2 Qf7+ 36. Ke3 Qxd5 37. Rf1 Qg2 38. Rf2 Qxg3+ 39. Ke2 Qg4+ 40. Ke1 Qb4 

0-1

[Event "ESP-chT"]
[Site "?"]
[Date "1997.??.??"]
[Round "?"]
[White "Estremera Panos, Sergio"]
[Black "Comas Fabrego, Lluis"]
[WhiteElo "2430"]
[BlackElo "2475"]
[Result "0-1"]

1. d4 Nf6 2. c4 d6 3. Nc3 Nbd7 4. e4 e5 5. Nf3 g6 6. Be2 Bg7 7. O-O O-O 8. Qc2 exd4 9. Nxd4 Nc5 10. Rd1 Re8 11. f3 Nh5 12. g4 Nf6 13. Be3 h5 14. h3 Nh7 15. Kg2 f5 16. Nxf5 gxf5 17. Bxc5 fxg4 18. hxg4 Qg5 19. Bf2 hxg4 20. f4 Qxf4 21. Bg3 Qf7 22. Nd5 c6 23. Rf1 Qd7 24. Ne3 Qe7 25. Bd3 Be5 26. Bxe5 dxe5 27. c5 Ng5 28. Bc4+ Kg7 29. Rf5 Rf8 30. Nxg4 Bxf5 31. exf5 Nh7 32. Rh1 Qg5 33. Qe2 Nf6 34. Qxe5 Qxg4+ 35. Kf2 Qxf5+ 

0-1

[Event "Wch U20"]
[Site "?"]
[Date "1990.??.??"]
[Round "?"]
[White "Gdanski, Jacek"]
[Black "Comas Fabrego, Lluis"]
[WhiteElo "2430"]
[BlackElo "2350"]
[Result "0-1"]

1. e4 e6 2. d4 d5 3. Nc3 Bb4 4. e5 c5 5. a3 Ba5 6. b4 cxd4 7. Nb5 Bc7 8. Nf3 Ne7 9. Bf4 Bd7 10. Nbxd4 Nbc6 11. Nxc6 bxc6 12. Bd3 c5 13. c3 Ng6 14. Bg3 a5 15. bxc5 Qe7 16. O-O Qxc5 17. h4 Ne7 18. Nd4 O-O 19. Qh5 Ng6 20. Rac1 Qxa3 21. Qe2 Rfc8 22. h5 Nf8 23. Bh4 Bd8 24. Bxd8 Rxd8 25. h6 g6 26. c4 dxc4 27. Bxc4 Be8 28. Qg4 Qe7 29. Qf4 Rdc8 30. Bb5 g5 31. Qg3 Bxb5 32. Nxb5 Ng6 33. Nd6 Rxc1 34. Rxc1 a4 35. Rc3 Qf8 36. Qxg5 a3 37. Rc1 Qe7 38. Qg3 a2 39. Ra1 Ra5 40. f4 Qa7+ 41. Kh2 Qd4 42. Nc8 Kf8 43. f5 exf5 44. Qb3 Nxe5 45. Qb6 Ng4+ 46. Kh3 Qxb6 47. Nxb6 Ne3 48. Nc8 f6 

0-1